00651 2200241 4500001002100000005001700021008004100038020001700079035002400096082000800120084001800128100001500146245007300161250001000234260002900244300002500273650002000298700002200318700002200340850001700362999001500379999001500394YOGYA-0209000003913720170114124643.0 ind  a979-600-67-5 0010-020900000039137 a813 aKa813bPut B aPUTHUT, Ea aBundacPuthut Ea ; penyunting, FX. Rudi Gunawan dan Windy Ariestanti aCet.1 aDepokbGagas Mediac2005 aviii, 187 hlmc19 cm aFiksi Indonesia aGunawan, F.X Rudi aAriestanty, Windy aYOPDYOG(JSC) a05B0007289 a05B0007290